<?xml version="1.0" encoding="UTF-8"?>
<marc:record xmlns:marc="http://www.loc.gov/MARC21/slim">
   <marc:leader>00000nam a2200000 a 4500</marc:leader>
   <marc:datafield ind1="1" ind2=" " tag="100">
      <marc:subfield code="a">Ohlandt, Nina</marc:subfield>
      <marc:subfield code="4">aut</marc:subfield>
      <marc:subfield code="e">Verfasser/-in</marc:subfield>
   </marc:datafield>
   <marc:datafield ind1=" " ind2=" " tag="653">
      <marc:subfield code="a">Krimi</marc:subfield>
   </marc:datafield>
   <marc:datafield ind1="0" ind2="0" tag="245">
      <marc:subfield code="a">Tiefer Sand</marc:subfield>
   </marc:datafield>
   <marc:datafield ind1=" " ind2="1" tag="264">
      <marc:subfield code="b">Bastei Lübbe GmbH &amp; Co. KG</marc:subfield>
      <marc:subfield code="c">2022</marc:subfield>
   </marc:datafield>
   <marc:datafield ind1="1" ind2=" " tag="520">
      <marc:subfield code="a">Nach dem Verschwinden ihrer Mutter wendet sich Nieke Dornieden an Hauptkommissar John Benthien. Obwohl ihm die junge Frau merkwürdig vorkommt, nimmt er sich der Sache an. Wenig später wird Niekes Mutter tot aufgefunden, und Benthien beginnt auf Föhr zu ermitteln. Auf der Insel hatten nicht wenige Grund, der alten Dame nach dem Leben zu trachten, unter anderem Nieke selbst. Auch die Vergangenheit der Toten gibt Rätsel auf: Ihr Mann und ihre Tochter aus erster Ehe werden seit Jahren vermisst; niemand weiß, was mit ihnen geschehen ist. Benthien begreift, dass beide Fälle zusammenhängen - und stößt auf ein Familiengeheimnis und eine Wahrheit, die ihn selbst in eine dramatische Situation bringen ...</marc:subfield>
   </marc:datafield>
   <marc:datafield ind1=" " ind2=" " tag="020">
      <marc:subfield code="a">9783404185672</marc:subfield>
      <marc:subfield code="9">9783404185672</marc:subfield>
   </marc:datafield>
   <marc:datafield ind1=" " ind2=" " tag="041">
      <marc:subfield code="a">ger</marc:subfield>
   </marc:datafield>
</marc:record>
